000 00675 a2200145 4500
003 Nust
005 20170207154011.0
040 _cNust
100 _aAlptekin Kupcu B.S., Bilkent University, 2004 M.Sc., Brown University, 2007
245 _aEfficient Cryptography for the Next Generation Secure Cloud (E-Book)
_cAlptekin K¨up¸c¨u B.S., Bilkent University, 2004 M.Sc., Brown University, 2007
260 _a Island
_bProvidence, Rhode Island
_c2010
300 _axv,259,p
505 _aThe Next Generation Secure Cloud(Page-1)Networking In The Cloud (Page-10) Trusting The Cloud (Page-49) Computing In The Cloud (Page-81) Storing In The Cloud (Page-104)
651 _aE-Book
942 _2ddc
_cBK
999 _c191192
_d191192